| 000 | 00472cam a2200145 4500500 | ||
|---|---|---|---|
| 005 | 20260329001252.0 | ||
| 041 | _afre | ||
| 042 | _adc | ||
| 100 | 1 | 0 |
_aKriegel, Maurice _eauthor |
| 245 | 0 | 0 | _aUn penseur du peuple juif |
| 260 | _c2020. | ||
| 500 | _a30 | ||
| 786 | 0 | _nL'Histoire - Les Collections | 87 | 2 | 2020-04-02 | p. 82-86 | 2727-6945 | |
| 856 | 4 | 1 | _uhttps://shs.cairn.info/magazine-hist-l-hisoire-les-collections-2020-2-page-82?lang=fr&redirect-ssocas=7080 |
| 999 |
_c1803712 _d1803712 |
||